Small Towns in Europe in the 20th and 21st Centuries : Heritage and Development Strategies /

Salvato in:
Dettagli Bibliografici
Altri autori: Klusáková, Luďa (Redattore)
Natura: Libro
Lingua:inglese
Pubblicazione: Praha : Karolinum Press, 2017
Edizione:1. vydanie
Soggetti:
Tags: Aggiungi Tag
Nessun Tag, puoi essere il primo ad aggiungerne!!

MARC

LEADER 00000nam a22000003a 4500
001 0029977
003 SK-STU
005 20190325155848.3
007 ta
008 180112s ----xo-----e------000-0-----d
020 |a 978-80-246-3645-0 
040 |a STU  |b slo 
041 0 |a eng 
044 |a xr 
100 1 |a Klusáková, Luďa  |4 edt 
245 1 0 |a Small Towns in Europe in the 20th and 21st Centuries :  |b Heritage and Development Strategies /  |c ed. Luďa Klusáková 
250 |a 1. vydanie 
260 |a Praha :  |b Karolinum Press,  |c 2017 
300 |a 159 s. 
650 0 7 |a mestský rozvoj 
650 0 7 |a kultúrne dedičstvo 
650 0 7 |a mestský urbanizmus 
650 0 7 |a 20. storočie 
650 0 7 |a 21. storočie 
650 0 7 |a priestorové plánovanie 
650 0 7 |a centrum mesta 
650 0 7 |a turizmus 
996 |b 284AU07229  |c A* 10471/U  |l AAKNST  |s P  |a 0  |w 0029977_0001 
996 |b 284AU07523  |c A* 10771/U  |l AAKNAR  |s A  |a 24  |w 0029977_0002 
996 |b 284AU07524  |c A* 10772/U  |l AAKNAR  |s A  |a 24  |w 0029977_0003